000 00615nam a22001817a 4500
999 _c180040
_d180040
005 20210722120149.0
010 _aENG-129610
020 _a978-93-86535-24-5
_c949.00
035 _aEN-113142
037 _bDBAD/PUB
082 _a355.0217095491
100 _aKumar, Ashutosh
245 _aPakistan's Nuclear Future Worries Beyond War:
_b/
_cBy Ashutosh Kumar
260 _aNew Delhi
_bJawahar Publishers & Distributors
_c2021
270 _a46, Samachar Apartment,
_bMayur Vihar-I, New Delhi
_e110091
300 _a290p.
_c23cm(pbk)
_bBibliography, Index
942 _2ddc
_cEN
_h355.0217095491
_mKUM